Normale Ansicht MARC-Ansicht ISBD

Todesanzeige von Dr. habil Hermann Knaack, geb. 18.07.1926, gest. 02.12.2020 (Titelsatznr. 80517)

[ MARC ]
MARC-Details
000 -Satzkennung
Kontrollfeld mit fester Länge 00640nam a22001817a 4500
008 - Feld mit fester Länge zur physischen Beschreibung - Allgemeine Angaben
Kontrollfeld mit fester Länge 201130b ||||| |||| 00| 0 eng d
040 ## - Katalogisierungsquelle
Katalogisierungssprache ger
Übertragungsstelle STAFF
Beschreibungsfestlegungen rda
Original-Katalogisierungsstelle STAFF
041 ## - Sprachcode
Sprachcode des Textes/der Tonspur oder des separaten Titels ger
245 ## - Titel
Haupttitel Todesanzeige von Dr. habil Hermann Knaack, geb. 18.07.1926, gest. 02.12.2020
600 ## - Nebeneintragung unter einem Schlagwort - Personenname
Personenname Knaack, Hermann
Datumsangaben in Verbindung mit einem Namen (1926-2020)
650 ## - Nebeneintragung unter einem Schlagwort - Sachschlagwort
Sachschlagwort oder geografischer Name als Eintragungselement Institut für Landwirtschaft
651 ## - Nebeneintragung unter einem Schlagwort - Geografischer Name
Geografischer Name Frankfurt (Oder)
773 ## - Übergeordnete Einheit
Ort, Verlag und Erscheinungsjahr Frankfurt (Oder): Märkisches Verlags- und Druckhaus GmbH & Co KG
Verknüpfungsangaben 31. Jahrgang (2020) Nr. 304 vom 31.12.2020, Seite 18
Titel Märkische Oderzeitung
942 ## - Zusätzliche Felder (Koha)
Koha-Medientyp Aufsätze
Exemplare
Ausgeschieden Verloren Beschädigt Nicht entleihbar Permanenter Standort Aktueller Standort Aufstellungsort Eingabedatum Anzahl Ausleihen Signatur Letzte Aktivität Preis gültig von Medientyp
        Stadtarchiv Frankfurt (Oder) | Archivbibliothek Stadtarchiv Frankfurt (Oder) | Archivbibliothek Magazin 05/01/2021   Z2 05/01/2021 05/01/2021 Aufsätze